| 000 | 00460cam a2200169 4500 | ||
|---|---|---|---|
| 001 | D3547 | ||
| 008 | 090401t1982 xxu||||| |||| 00| 0 eng d | ||
| 035 | _a(Sirsi) u73721 | ||
| 041 | _aeng | ||
| 050 | _a333.33 | ||
| 245 | _aEstates Times review November 1982. Special feature: Scotland Historic towns: Cambridge | ||
| 260 |
_aLondon _bMorgan Grampian (Construction Press) _c1982 |
||
| 300 | _a71p. 28cm | ||
| 350 | _a2 | ||
| 942 | _n0 | ||
| 948 | _c04/03/1997 | ||
| 999 |
_c95686 _d95686 |
||